Insect suppression with controlled release pheronome systems: Vol.2

Đã lưu trong:
Bibliografiske detaljer
Format: Bog
Sprog:Undetermined
Udgivet: Florida CRC Press 1982
Fag:
Tags: Tilføj Tag
Ingen Tags, Vær først til at tagge denne postø!
Thư viện lưu trữ: Trung tâm Học liệu Trường Đại học Cần Thơ
LEADER 00502nam a2200157Ia 4500
001 CTU_21835
008 210402s9999 xx 000 0 und d
082 |a 632.7 
082 |b I.59/Vol.2 
245 0 |a Insect suppression with controlled release pheronome systems: Vol.2 
260 |a Florida 
260 |b CRC Press 
260 |c 1982 
650 |a insects as carriers of diseases,plant diseases,plants, protection of 
904 |i Minh, 980122 
980 |a Trung tâm Học liệu Trường Đại học Cần Thơ